| 000 | 00871nam a2200265 i 4500 | ||
|---|---|---|---|
| 001 | 5934 | ||
| 003 | ES-MaACL | ||
| 005 | 20250728111234.0 | ||
| 007 | t| | ||
| 008 | 890615s1985 xxu |||| | eng d | ||
| 020 | _a0-521-30452-0 | ||
| 080 | _a001(09) | ||
| 245 | 0 | 0 |
_aReligion, science, and worldview _b: essays in honor of Richard S. Westfall / _cedited by Margaret J. Osler and Paul Lawrence Farber. |
| 250 | _a1st. ed. | ||
| 260 |
_aCambridge : _bCambridge University Press, _c1985. |
||
| 300 |
_aXIV, 350 p. : _bil. ; _c24 cm. |
||
| 500 | _aÍndice. | ||
| 504 | _aBibliografía: p.341-344. | ||
| 600 | 1 | 4 |
_aWestfall, Richard S. _9116567 |
| 650 | 1 | 7 |
_aReligión y ciencia _2embne _916806 |
| 700 | 1 |
_aOsler, Margaret J. _987754 |
|
| 700 | 1 |
_aFarber, Paul Lawrence. _948829 |
|
| 852 |
_aES-MaACL _jL-13113 _z. - Enc. tela |
||
| 999 |
_c5934 _d5934 |
||